000
00286nam a22001097a 4500
008
170117b xxu||||| |||| 00| 0 eng d
020
_a
9780803627024
041
_a
eng
080
_2
5TH
_a
618.2
245
_a
ESSENTIALS OF PSYCHIATRIC MENTAL HEALTH NURSING
_c
TOWNSEND, M.C
942
_2
udc
_c
BK
999
_c
3015
_d
3015